[Event "9. Open Internacional de Galapagar"]
[Site "Galapagar ESP"]
[Date "2008.07.20"]
[Round "2.32"]
[White "Garcia Sanchez Navarro, Maria"]
[Black "Cerrato Torrijos, Maria"]
[Result "0-1"]
[WhiteElo "1594"]
[BlackElo "1877"]
[PlyCount "75"]
[EventDate "2008.07.19"]
[EventType "swiss"]
[EventRounds "9"]
[EventCountry "ESP"]
[Source "lmi"]
[SourceDate "2008.07.19"]

1. Nf3 Nf6 2. Nc3 d5 3. e4 d4 4. e5 dxc3 5. exf6 cxd2+ 6. Bxd2 exf6 7. Qe2+ Qe7
8. Be3 Nc6 9. O-O-O Bd7 10. Qb5 O-O-O 11. Bd3 Qb4 12. Nd4 Nxd4 13. Qxb4 Bxb4
14. Bxd4 Kb8 15. c3 Bd6 16. h3 Bc6 17. f3 Be5 18. Bc5 b6 19. Ba3 Bd5 20. Kc2 c5
21. b3 h5 22. b4 cxb4 23. Bxb4 Bxa2 24. Be4 Be6 25. Rhf1 Rxd1 26. Rxd1 f5 27.
Bc6 Kc7 28. Bb5 Rd8 29. Bd3 a5 30. Ba3 a4 31. Re1 Bg3 32. Re2 Bb3+ 33. Kd2 Bf4+
34. Re3 Re8 35. Bxf5 Rxe3 36. Bc2 Rxf3+ 37. Ke2 Rxc3 38. Be4 0-1

[Event "9. Open Internacional de Galapagar"]
[Site "Galapagar ESP"]
[Date "2008.07.20"]
[Round "2.33"]
[White "Quesada Ordinas, Jaime"]
[Black "Cueto Chajtur, Johny"]
[Result "0-1"]
[WhiteElo "1666"]
[BlackElo "2321"]
[PlyCount "84"]
[EventDate "2008.07.19"]
[EventType "swiss"]
[EventRounds "9"]
[EventCountry "ESP"]
[Source "lmi"]
[SourceDate "2008.07.19"]

1. e4 d6 2. Nc3 e5 3. Bc4 Nf6 4. d3 Be7 5. f4 Nc6 6. Nf3 Bg4 7. Be3 exf4 8.
Bxf4 Ne5 9. Bxe5 Bxf3 10. Qxf3 dxe5 11. O-O c6 12. Bb3 O-O 13. Ne2 g6 14. c3
Kg7 15. Bc2 Bd6 16. b4 Qe7 17. a3 h5 18. Qg3 Rh8 19. Rf3 h4 20. Qh3 Raf8 21.
Raf1 Nh7 22. Qg4 Qg5 23. Qxg5 Nxg5 24. R3f2 Ra8 25. Bb3 Rhf8 26. h3 a5 27. Kh2
axb4 28. axb4 Ra3 29. Bc2 f5 30. g3 hxg3+ 31. Kxg3 fxe4 32. Rxf8 Bxf8 33. dxe4
Bxb4 34. Kg4 Be7 35. h4 Nh7 36. Rf3 Nf6+ 37. Kh3 b5 38. Rd3 Ra2 39. Bd1 Nxe4
40. Rf3 Bc5 41. Rf7+ Kh6 42. Kg2 Nxc3 0-1

[Event "9. Open Internacional de Galapagar"]
[Site "Galapagar ESP"]
[Date "2008.07.20"]
[Round "2.34"]
[White "Ballesteros Gonzalez, David"]
[Black "Peral Aparicio, Jesus"]
[Result "1-0"]
[WhiteElo "2285"]
[BlackElo "1688"]
[PlyCount "71"]
[EventDate "2008.07.19"]
[EventType "swiss"]
[EventRounds "9"]
[EventCountry "ESP"]
[Source "lmi"]
[SourceDate "2008.07.19"]

1. d4 Nf6 2. c4 g6 3. Nc3 Bg7 4. e4 d6 5. f4 O-O 6. Nf3 Nbd7 7. e5 dxe5 8. fxe5
Ne8 9. Be2 e6 10. O-O h6 11. Bf4 b6 12. Qd2 g5 13. Bg3 Bb7 14. h4 g4 15. Nh2 f5
16. exf6 Nexf6 17. Nxg4 Nxg4 18. Bxg4 Qe7 19. Rfe1 Rf6 20. d5 Nf8 21. Ne4 Rg6
22. Bf3 Rd8 23. h5 Rxg3 24. Nxg3 Qc5+ 25. Kh1 Qxc4 26. Re4 Qc5 27. Rg4 Kh8 28.
Rc1 Qe7 29. Qf4 Rc8 30. Re1 Qd7 31. dxe6 Nxe6 32. Rxg7 Qxg7 33. Rxe6 Rf8 34.
Qxh6+ Qxh6 35. Rxh6+ Kg7 36. Rg6+ 1-0

[Event "9. Open Internacional de Galapagar"]
[Site "Galapagar ESP"]
[Date "2008.07.20"]
[Round "2.35"]
[White "Bordo Bujalance, Enrique"]
[Black "Pardo Vaquero, Ignacio"]
[Result "1-0"]
[WhiteElo "2041"]
[BlackElo "1632"]
[PlyCount "111"]
[EventDate "2008.07.19"]
[EventType "swiss"]
[EventRounds "9"]
[EventCountry "ESP"]
[Source "lmi"]
[SourceDate "2008.07.19"]

1. d4 d5 2. c4 e6 3. Nc3 c5 4. cxd5 cxd4 5. Qxd4 Nc6 6. Qd1 exd5 7. Qxd5 Be6 8.
Qxd8+ Rxd8 9. Bd2 Nb4 10. Rc1 Nxa2 11. Nxa2 Bxa2 12. e3 a6 13. Be2 Nf6 14. Bf3
Rb8 15. Ne2 Be7 16. O-O O-O 17. Nd4 Bd5 18. Nf5 Bd8 19. Bxd5 Nxd5 20. e4 Ne7
21. Bb4 Re8 22. Nd6 Rf8 23. Rfd1 Nc6 24. Ba3 Bg5 25. Rc5 Rfd8 26. Rxg5 f6 27.
Rgd5 Ne7 28. R5d3 b5 29. Bc5 Ng6 30. Nf5 Rdc8 31. b4 a5 32. Ne7+ Nxe7 33. Bxe7
a4 34. Bc5 Ra8 35. f3 Re8 36. Kf2 h6 37. Rd7 Rec8 38. Rb7 Rcb8 39. Rdd7 Rxb7
40. Rxb7 a3 41. Ra7 Rxa7 42. Bxa7 Kf7 43. Bd4 Ke6 44. Ke2 g6 45. Kd2 f5 46. Kc2
g5 47. g4 f4 48. Kb3 Kf7 49. Kxa3 Kg6 50. Be5 h5 51. h3 hxg4 52. hxg4 Kf7 53.
Kb3 Ke6 54. Bb8 Kd7 55. Kc3 Kc6 56. Be5 1-0

[Event "9. Open Internacional de Galapagar"]
[Site "Galapagar ESP"]
[Date "2008.07.20"]
[Round "2.36"]
[White "Garcia Galeote, Lorenzo"]
[Black "Fernandez Gil, Ruben C"]
[Result "1-0"]
[WhiteElo "2037"]
[BlackElo "1559"]
[PlyCount "39"]
[EventDate "2008.07.19"]
[EventType "swiss"]
[EventRounds "9"]
[EventCountry "ESP"]
[Source "lmi"]
[SourceDate "2008.07.19"]

1. d4 d5 2. Nf3 Nf6 3. Bf4 e6 4. e3 c5 5. c3 Nc6 6. Bd3 Be7 7. Nbd2 O-O 8. Ne5
Nxe5 9. dxe5 Nd7 10. Qh5 f5 11. g4 Qc7 12. Nf3 c4 13. Bc2 Nc5 14. gxf5 exf5 15.
e6 g6 16. Rg1 Kh8 17. Rxg6 Qd8 18. Be5+ Bf6 19. Ng5 Qe7 20. Rxf6 1-0

[Event "9. Open Internacional de Galapagar"]
[Site "Galapagar ESP"]
[Date "2008.07.20"]
[Round "2.37"]
[White "Ruiz de Alegria Madariaga, Carlos"]
[Black "Marret, Constantin Pierre"]
[Result "1-0"]
[WhiteElo "1980"]
[BlackElo "1544"]
[PlyCount "71"]
[EventDate "2008.07.19"]
[EventType "swiss"]
[EventRounds "9"]
[EventCountry "ESP"]
[Source "lmi"]
[SourceDate "2008.07.19"]

1. e4 c5 2. Nf3 Nc6 3. d4 cxd4 4. Nxd4 Nf6 5. Nc3 d6 6. Be2 g6 7. Be3 Bg7 8.
Qd2 Bd7 9. O-O-O O-O 10. h4 h5 11. f4 Bg4 12. f5 Bxe2 13. Qxe2 Nxd4 14. Bxd4
Ng4 15. Bxg7 Kxg7 16. Nd5 Rc8 17. Ne3 Nxe3 18. Qxe3 Qa5 19. Kb1 Qc5 20. Qe2 b5
21. Rd5 Qc4 22. Qxc4 bxc4 23. Rh3 Rc7 24. Rf3 a6 25. f6+ exf6 26. Rxd6 Re7 27.
Rd4 Rc8 28. Kc1 Rce8 29. Re3 f5 30. Rxc4 Rxe4 31. Rcxe4 Rxe4 32. Rxe4 fxe4 33.
b4 f5 34. a4 f4 35. Kd2 Kf6 36. b5 1-0

[Event "9. Open Internacional de Galapagar"]
[Site "Galapagar ESP"]
[Date "2008.07.20"]
[Round "2.38"]
[White "Castillo Sanz, Javier"]
[Black "Barea Obispo, Pedro"]
[Result "1-0"]
[WhiteElo "1933"]
[BlackElo "1840"]
[PlyCount "61"]
[EventDate "2008.07.19"]
[EventType "swiss"]
[EventRounds "9"]
[EventCountry "ESP"]
[Source "lmi"]
[SourceDate "2008.07.19"]

1. c4 Nf6 2. Nc3 c5 3. g3 g6 4. Bg2 Bg7 5. Nf3 Nc6 6. O-O O-O 7. e4 d6 8. d3
Bg4 9. Ne2 Nd7 10. h3 Bxf3 11. Bxf3 Qb6 12. Rb1 Nde5 13. Bg2 Nb4 14. Nf4 e6 15.
a3 Nbc6 16. Ne2 a5 17. Kh2 Nd7 18. Bg5 Nd4 19. Be3 Nxe2 20. Qxe2 Qc7 21. b4 Ra7
22. f4 e5 23. f5 axb4 24. axb4 Rfa8 25. fxg6 fxg6 26. Qg4 Nf6 27. Qe6+ Kh8 28.
Rxf6 Bxf6 29. Qxf6+ Kg8 30. Qe6+ Kh8 31. Bg5 1-0

[Event "9. Open Internacional de Galapagar"]
[Site "Galapagar ESP"]
[Date "2008.07.20"]
[Round "2.39"]
[White "Camarero Izquierdo, Juan Carlos"]
[Black "Santamaria Gago, Luis"]
[Result "1-0"]
[WhiteElo "1928"]
[BlackElo "1821"]
[PlyCount "81"]
[EventDate "2008.07.19"]
[EventType "swiss"]
[EventRounds "9"]
[EventCountry "ESP"]
[Source "lmi"]
[SourceDate "2008.07.19"]

1. e4 e5 2. Nf3 d6 3. Bc4 Be7 4. O-O Nf6 5. d3 c6 6. Nbd2 O-O 7. Re1 a5 8. a4
h6 9. Nf1 Nbd7 10. Ng3 Nb6 11. Bb3 Nh7 12. d4 Bg4 13. dxe5 dxe5 14. Qxd8 Raxd8
15. Nxe5 Bc8 16. Be3 c5 17. Ng6 Rfe8 18. Nxe7+ Rxe7 19. Bxc5 Re5 20. Bxb6 Rde8
21. f4 R5e7 22. e5 Nf8 23. Ne4 Be6 24. Bxe6 Rxe6 25. Bxa5 b6 26. Bb4 f5 27. Nd6
Ra8 28. Nxf5 Ng6 29. g3 Nf8 30. Bxf8 Kxf8 31. Nd6 Ra5 32. b4 Ra6 33. c4 g5 34.
f5 Re7 35. e6 Kg7 36. b5 Ra8 37. a5 bxa5 38. c5 a4 39. c6 Rd8 40. Red1 Rb8 41.
Rxa4 1-0

[Event "9. Open Internacional de Galapagar"]
[Site "Galapagar ESP"]
[Date "2008.07.20"]
[Round "2.40"]
[White "Martinez Rubio, Felipe"]
[Black "Castejon Chacon, Juan"]
[Result "0-1"]
[WhiteElo "1923"]
[BlackElo "1820"]
[PlyCount "80"]
[EventDate "2008.07.19"]
[EventType "swiss"]
[EventRounds "9"]
[EventCountry "ESP"]
[Source "lmi"]
[SourceDate "2008.07.19"]

1. d4 Nf6 2. Bg5 Ne4 3. Bf4 c5 4. f3 Qa5+ 5. c3 Nf6 6. Nd2 cxd4 7. Nb3 Qd8 8.
cxd4 e6 9. e4 Bb4+ 10. Kf2 O-O 11. Rc1 b6 12. Bc7 Qe8 13. a3 Be7 14. Bd3 Bb7
15. Ne2 Nc6 16. Re1 Rc8 17. Bf4 Qd8 18. Nc3 Nh5 19. Be3 Bg5 20. Qe2 Nf4 21. Qd2
e5 22. dxe5 Nxe5 23. Bf1 Qf6 24. g3 Ne6 25. Bxg5 Nxg5 26. Qf4 Nd3+ 27. Bxd3
Nh3+ 28. Kg2 Nxf4+ 29. gxf4 Qxf4 30. Ne2 Qg5+ 31. Ng3 Rxc1 32. Rxc1 h5 33. h4
Qe3 34. Rd1 g6 35. Ne2 d5 36. Ng3 dxe4 37. Nxe4 Bxe4 38. fxe4 Rd8 39. Nc1 f5
40. exf5 Rd4 0-1

[Event "9. Open Internacional de Galapagar"]
[Site "Galapagar ESP"]
[Date "2008.07.20"]
[Round "2.41"]
[White "Avendaño Mateos, Ivan Jose"]
[Black "Bolea Jover, Ignacio"]
[Result "1-0"]
[WhiteElo "1909"]
[BlackElo "1793"]
[PlyCount "97"]
[EventDate "2008.07.19"]
[EventType "swiss"]
[EventRounds "9"]
[EventCountry "ESP"]
[Source "lmi"]
[SourceDate "2008.07.19"]

1. d4 d5 2. Nf3 Nf6 3. Bf4 Bf5 4. e3 e6 5. c4 c6 6. Nc3 Nbd7 7. Be2 Be7 8. O-O
O-O 9. h3 Bg6 10. Nh4 Nb6 11. Nxg6 hxg6 12. c5 Nbd7 13. b4 b5 14. cxb6 Nxb6 15.
Qb3 Bd6 16. Bxd6 Qxd6 17. Rfc1 Rfc8 18. Na4 Ne4 19. Rc2 Qd7 20. Rac1 Nd6 21.
Ba6 Rc7 22. Nb2 Ne8 23. Nd3 f6 24. a4 Nc8 25. b5 Ne7 26. Nc5 Qd6 27. Nb7 Qd7
28. Na5 cxb5 29. Bxb5 Qd8 30. Nc6 Nxc6 31. Rxc6 Rb8 32. Qc2 Rbc8 33. Qxg6 a6
34. Rxc7 Nxc7 35. Bd3 Ne8 36. Qh7+ Kf7 37. Rb1 f5 38. Qh5+ Kg8 39. Bxa6 Rc7 40.
Qe2 Nf6 41. Qb2 Qd6 42. Bd3 Kf7 43. a5 Nd7 44. a6 Ra7 45. Qb5 Kf6 46. Qa5 Nb8
47. Qb6 Qxb6 48. Rxb6 Ke7 49. Rxb8 1-0

[Event "9. Open Internacional de Galapagar"]
[Site "Galapagar ESP"]
[Date "2008.07.21"]
[Round "3.1"]
[White "Campos Calvo Sotelo, Javier"]
[Black "Roa Alonso, Santiago"]
[Result "0-1"]
[WhiteElo "2125"]
[BlackElo "2465"]
[PlyCount "108"]
[EventDate "2008.07.19"]
[EventType "swiss"]
[EventRounds "9"]
[EventCountry "ESP"]
[Source "lmi"]
[SourceDate "2008.07.19"]

1. d4 Nf6 2. g3 e6 3. Bg2 c5 4. Nf3 cxd4 5. O-O d5 6. Nxd4 Nc6 7. c4 Be7 8. Nc3
O-O 9. e4 dxc4 10. Nxc6 bxc6 11. Qa4 Qb6 12. Rb1 Ng4 13. h3 Ne5 14. Kh2 Nd3 15.
Qxc4 Ba6 16. Qb3 Nc5 17. Qxb6 axb6 18. Rd1 Bd3 19. Ra1 Nb3 20. Bg5 Bxg5 21.
axb3 Rxa1 22. Rxa1 e5 23. h4 Be7 24. Ra7 Bc5 25. Rc7 Bxf2 26. Rxc6 h5 27. Bf3
g6 28. Nd5 Ra8 29. Rc3 Bf1 30. Bg2 Bxg2 31. Kxg2 Bd4 32. Rc2 Ra1 33. b4 Kg7 34.
Kf3 Rf1+ 35. Kg2 Rd1 36. Nc3 Rd3 37. Ne2 Rb3 38. Nxd4 exd4 39. Rc4 Rxb2+ 40.
Kf3 d3 41. e5 Kf8 42. Ke3 Rb3 43. g4 hxg4 44. Rxg4 Ke7 45. Rc4 b5 46. Rd4 Ke6
47. Ke4 d2 48. Rd6+ Ke7 49. Rxd2 Rxb4+ 50. Kd5 Rxh4 51. Ra2 Ra4 52. Rb2 b4 53.
Rb3 Ra5+ 54. Ke4 Rb5 0-1

[Event "9. Open Internacional de Galapagar"]
[Site "Galapagar ESP"]
[Date "2008.07.21"]
[Round "3.2"]
[White "Morales Rivera, John Alexander"]
[Black "Fernandez Blazquez, Diego"]
[Result "1-0"]
[WhiteElo "2329"]
[BlackElo "2109"]
[PlyCount "73"]
[EventDate "2008.07.19"]
[EventType "swiss"]
[EventRounds "9"]
[EventCountry "ESP"]
[Source "lmi"]
[SourceDate "2008.07.19"]

1. e4 c5 2. Nf3 d6 3. d4 cxd4 4. Nxd4 Nf6 5. Nc3 a6 6. Be3 e5 7. Nde2 Be7 8.
Ng3 Be6 9. f4 Nc6 10. f5 Bc8 11. Nh5 Nxh5 12. Qxh5 g6 13. Qf3 Bg5 14. Bxg5 Qxg5
15. Nd5 Nd4 16. Qf2 O-O 17. c3 Nc6 18. h4 Qd8 19. Nb6 Rb8 20. O-O-O gxf5 21.
exf5 Nd4 22. Nxc8 Rxc8 23. Kb1 Nc6 24. f6 Kh8 25. Qf5 e4 26. Qxe4 Qxf6 27. Bd3
Qg7 28. Rhe1 Rfd8 29. Bc2 b5 30. h5 Ne5 31. h6 Qg6 32. Qh4 Qe6 33. Rxe5 Qxe5
34. Re1 Qxe1+ 35. Qxe1 Re8 36. Qg3 Rg8 37. Qd3 1-0

[Event "9. Open Internacional de Galapagar"]
[Site "Galapagar ESP"]
[Date "2008.07.21"]
[Round "3.3"]
[White "Bolado Saez, Sergio"]
[Black "Quintero Torres, Pedro"]
[Result "1/2-1/2"]
[WhiteElo "2315"]
[BlackElo "2095"]
[PlyCount "88"]
[EventDate "2008.07.19"]
[EventType "swiss"]
[EventRounds "9"]
[EventCountry "ESP"]
[Source "lmi"]
[SourceDate "2008.07.19"]

1. d4 Nf6 2. Nf3 g6 3. c4 Bg7 4. g3 O-O 5. Bg2 c6 6. O-O d5 7. cxd5 cxd5 8. Nc3
e6 9. Bg5 h6 10. Bf4 a6 11. Rc1 Nc6 12. Ne5 Nxe5 13. Bxe5 Bd7 14. e3 Rc8 15.
Qb3 Bc6 16. Rc2 Ne8 17. Bxg7 Kxg7 18. Rfc1 Nd6 19. Na4 Bxa4 20. Qxa4 Rxc2 21.
Rxc2 Qe7 22. Qb4 Rc8 23. Rc5 Qd7 24. b3 Rc6 25. Qc3 Rc8 26. f3 b6 27. Rxc8 Qxc8
28. Qxc8 Nxc8 29. e4 Ne7 30. Kf2 Kf8 31. Bf1 b5 32. a4 bxa4 33. bxa4 a5 34. Bb5
f5 35. Bd7 Kf7 36. Ke3 Ng8 37. exd5 exd5 38. h4 Kf6 39. Kf4 g5+ 40. hxg5+ hxg5+
41. Ke3 Nh6 42. Kf2 Nf7 43. Kg2 Nh6 44. Kf2 Ke7 1/2-1/2

[Event "9. Open Internacional de Galapagar"]
[Site "Galapagar ESP"]
[Date "2008.07.21"]
[Round "3.4"]
[White "Davicce Cañada, Juan Antonio"]
[Black "Guerra Tulcan, Lenin"]
[Result "0-1"]
[WhiteElo "2075"]
[BlackElo "2302"]
[PlyCount "64"]
[EventDate "2008.07.19"]
[EventType "swiss"]
[EventRounds "9"]
[EventCountry "ESP"]
[Source "lmi"]
[SourceDate "2008.07.19"]

1. e4 c5 2. Nf3 Nc6 3. c4 e5 4. Nc3 d6 5. g3 Be6 6. d3 g6 7. Bg2 Bg7 8. Be3
Nge7 9. Ng5 Nd4 10. Nxe6 fxe6 11. O-O Nec6 12. Ne2 O-O 13. Nxd4 Nxd4 14. Qg4
Qe7 15. Bxd4 cxd4 16. Qe2 Bh6 17. Qc2 Rf6 18. Qa4 a6 19. b4 Raf8 20. f3 Be3+
21. Kh1 g5 22. b5 axb5 23. Qxb5 R8f7 24. Qb2 Qf8 25. Qe2 h5 26. a4 h4 27. g4 h3
28. Bxh3 Rh6 29. Bg2 Rfh7 30. h3 Qf4 31. Ra2 Qg3 32. Rf2 Rxh3+ 0-1

[Event "9. Open Internacional de Galapagar"]
[Site "Galapagar ESP"]
[Date "2008.07.21"]
[Round "3.5"]
[White "Lopez del Alamo, Antonio"]
[Black "Torres Samper, Rafael"]
[Result "1-0"]
[WhiteElo "2293"]
[BlackElo "2068"]
[PlyCount "117"]
[EventDate "2008.07.19"]
[EventType "swiss"]
[EventRounds "9"]
[EventCountry "ESP"]
[Source "lmi"]
[SourceDate "2008.07.19"]

1. e4 c5 2. Nf3 d6 3. Nc3 g6 4. d4 cxd4 5. Nxd4 Bg7 6. f4 Nc6 7. Nf3 Qb6 8. Bd3
Nf6 9. Qe2 O-O 10. Nd1 Bd7 11. Be3 Qa5+ 12. c3 a6 13. h3 b5 14. O-O Qc7 15. Qf2
Rab8 16. Rc1 Na5 17. b3 Qb7 18. Qh4 Bc6 19. Nf2 Bxe4 20. Nxe4 Nxe4 21. Bxe4
Qxe4 22. Ba7 Bf6 23. Qh6 Bg7 24. Qxh7+ Kxh7 25. Ng5+ Kg8 26. Nxe4 Rb7 27. Be3
Nc6 28. f5 gxf5 29. Rxf5 b4 30. c4 Bd4 31. Rg5+ Kh7 32. Bxd4 Nxd4 33. Rd1 Nc6
34. Rf1 Ne5 35. c5 Rg8 36. Rxg8 Kxg8 37. cxd6 exd6 38. Nxd6 Rd7 39. Ne4 Rd4 40.
Rc1 Nd3 41. Rd1 Rxe4 42. Rxd3 Re2 43. Rg3+ Kf8 44. Rg4 a5 45. h4 Rxa2 46. h5
Rc2 47. Rg5 f6 48. Rxa5 Rb2 49. Rf5 Rxb3 50. Rxf6+ Kg7 51. Rb6 Rb1+ 52. Kh2 b3
53. Kg3 b2 54. Kg4 Kh7 55. Kg5 Kg7 56. Rb7+ Kg8 57. Kg6 Kf8 58. Rb8+ Ke7 59. h6
1-0

[Event "9. Open Internacional de Galapagar"]
[Site "Galapagar ESP"]
[Date "2008.07.21"]
[Round "3.6"]
[White "Perez Gonzalez, Jose Manuel"]
[Black "Serrano Martinez, Francisco Jose"]
[Result "1-0"]
[WhiteElo "2255"]
[BlackElo "1939"]
[PlyCount "73"]
[EventDate "2008.07.19"]
[EventType "swiss"]
[EventRounds "9"]
[EventCountry "ESP"]
[Source "lmi"]
[SourceDate "2008.07.19"]

1. e4 c5 2. Nf3 Nc6 3. d4 cxd4 4. Nxd4 g6 5. Nc3 Bg7 6. Be3 Nf6 7. Bc4 Qa5 8.
O-O O-O 9. Nb3 Qc7 10. Bg5 d5 11. Bxd5 Nb4 12. a3 Nbxd5 13. exd5 Rd8 14. Re1
Be6 15. Qe2 Nxd5 16. Nb5 Qb6 17. c4 Nf6 18. Be3 Qc6 19. Na5 Qe4 20. f3 Qf5 21.
Nxb7 Rdc8 22. Nd4 Qe5 23. Nxe6 Qxe6 24. Na5 Qf5 25. b4 Nd7 26. Rad1 Nb6 27. Bd4
e5 28. Ba1 Rd8 29. c5 Nd5 30. Nc6 Nf4 31. Rxd8+ Rxd8 32. Ne7+ Kh8 33. Nxf5
Nxe2+ 34. Rxe2 Rd1+ 35. Kf2 Rxa1 36. Nxg7 Kxg7 37. Rc2 1-0

[Event "9. Open Internacional de Galapagar"]
[Site "Galapagar ESP"]
[Date "2008.07.21"]
[Round "3.7"]
[White "Martinez Ramon, Senen"]
[Black "Perez de Aranda, Leonardo Ivan"]
[Result "1-0"]
[WhiteElo "2072"]
[BlackElo "2233"]
[PlyCount "149"]
[EventDate "2008.07.19"]
[EventType "swiss"]
[EventRounds "9"]
[EventCountry "ESP"]
[Source "lmi"]
[SourceDate "2008.07.19"]

1. c4 f5 2. Nc3 Nf6 3. g3 g6 4. Bg2 Bg7 5. Nf3 O-O 6. O-O d6 7. d4 c6 8. Bg5
Nbd7 9. Qd2 Qe8 10. d5 c5 11. Nb5 Qd8 12. Bh6 Ne4 13. Qc1 Ne5 14. Bxg7 Kxg7 15.
Nxe5 dxe5 16. Bxe4 fxe4 17. Qe3 Bh3 18. Rfd1 a6 19. Nc3 Bf5 20. Nxe4 Bxe4 21.
Qxe4 Qd6 22. Rd3 Rf5 23. Rad1 b5 24. b3 Rb8 25. a3 Rb6 26. Rf3 Rh5 27. Rdd3 Qd7
28. g4 Rg5 29. Rg3 h5 30. gxh5 Qf5 31. Qxf5 Rxf5 32. Rxg6+ Rxg6+ 33. hxg6 bxc4
34. bxc4 Rf4 35. Rc3 Rd4 36. Kg2 Kxg6 37. Kg3 Kf5 38. f3 a5 39. h4 a4 40. e4+
Kf6 41. Kf2 Rd2+ 42. Ke3 Rh2 43. Rd3 Rxh4 44. d6 exd6 45. Rxd6+ Kf7 46. Ra6 Rh1
47. Rxa4 Rc1 48. Kf2 Rc3 49. Kg3 Kf6 50. Kg4 Ke6 51. Ra6+ Kd7 52. Kf5 Rxf3+ 53.
Kxe5 Rh3 54. Kd5 Rh5+ 55. e5 Kc7 56. Rc6+ Kb7 57. Rxc5 Kb6 58. Rc8 Kb7 59. Rf8
Rh3 60. a4 Rh5 61. Kd6 Rh4 62. Kc5 Rh5 63. Rf7+ Ka6 64. Kd6 Rh1 65. c5 Rd1+ 66.
Kc7 Rd5 67. e6 Rxc5+ 68. Kd6 Rc1 69. e7 Rd1+ 70. Kc7 Rc1+ 71. Kd8 Rd1+ 72. Ke8
Ka5 73. Kf8 Re1 74. e8=Q Rxe8+ 75. Kxe8 1-0

[Event "9. Open Internacional de Galapagar"]
[Site "Galapagar ESP"]
[Date "2008.07.21"]
[Round "3.8"]
[White "Spitzer Isbert, Ramon"]
[Black "Penalosa Pinillas, Jesus"]
[Result "1/2-1/2"]
[WhiteElo "2051"]
[BlackElo "2224"]
[PlyCount "72"]
[EventDate "2008.07.19"]
[EventType "swiss"]
[EventRounds "9"]
[EventCountry "ESP"]
[Source "lmi"]
[SourceDate "2008.07.19"]

1. d4 Nf6 2. Nf3 c5 3. Nc3 cxd4 4. Nxd4 d6 5. e4 a6 6. Bg5 e6 7. Qf3 Be7 8. Bc4
O-O 9. O-O-O Qc7 10. Bb3 Nc6 11. Nxc6 bxc6 12. e5 dxe5 13. Ne4 Nxe4 14. Bxe7
Qxe7 15. Qxe4 a5 16. Qxe5 a4 17. Bc4 a3 18. b3 Ba6 19. Bxa6 Rxa6 20. Rd3 c5 21.
Rhd1 c4 22. Rd7 Qh4 23. g3 Qxh2 24. Rd8 Ra8 25. Rxa8 Rxa8 26. Qe4 Re8 27. Rh1
Qxf2 28. Qxh7+ Kf8 29. Qh8+ Ke7 30. Qxg7 Qe3+ 31. Kb1 cxb3 32. axb3 Qd2 33. Rf1
Kd6 34. Qf6 Rc8 35. Qf4+ Qxf4 36. gxf4 a2+ 1/2-1/2

[Event "9. Open Internacional de Galapagar"]
[Site "Galapagar ESP"]
[Date "2008.07.21"]
[Round "3.9"]
[White "Toranzo Fernandez, Dionisio"]
[Black "Perez Marco, Ricardo"]
[Result "1/2-1/2"]
[WhiteElo "2032"]
[BlackElo "2176"]
[PlyCount "152"]
[EventDate "2008.07.19"]
[EventType "swiss"]
[EventRounds "9"]
[EventCountry "ESP"]
[Source "lmi"]
[SourceDate "2008.07.19"]

1. Nf3 g6 2. d4 Bg7 3. c4 f5 4. g3 Nf6 5. Bg2 O-O 6. O-O c6 7. Nc3 d5 8. cxd5
cxd5 9. Ne5 e6 10. Bg5 h6 11. Bxf6 Rxf6 12. Rc1 a6 13. Na4 Nd7 14. Nd3 Bf8 15.
Qd2 Kh7 16. Rc2 Nb8 17. Ne5 Bd6 18. Rfc1 Bd7 19. Nc5 Bxc5 20. Rxc5 Bc6 21. b4
Qf8 22. a4 Ra7 23. b5 axb5 24. axb5 Nd7 25. bxc6 Nxc5 26. Rxc5 bxc6 27. Rxc6
Qb8 28. Bf3 g5 29. h3 Ra1+ 30. Rc1 Qa8 31. Kg2 Ra7 32. Rc5 Rg7 33. Qc2 Qa7 34.
e3 Rf8 35. Rc6 Qe7 36. Qc5 Qf6 37. Qd6 g4 38. Be2 f4 39. exf4 gxh3+ 40. Kh2 Re8
41. Bh5 Ree7 42. Be2 h5 43. Nf3 Kh6 44. Qe5 Qxe5 45. Nxe5 h4 46. Kxh3 hxg3 47.
fxg3 Rg8 48. f5 Kg5 49. Rxe6 Rh7+ 50. Kg2 Kxf5 51. Bd3+ Kxe6 52. Bxh7 Ra8 53.
g4 Kf6 54. Nf3 Ra7 55. Bf5 Ra8 56. Kg3 Rh8 57. Kf4 Re8 58. g5+ Kg7 59. Ne5 Rh8
60. Nf3 Re8 61. Nh4 Re1 62. Bg4 Re4+ 63. Kg3 Re3+ 64. Nf3 Kg6 65. Kh4 Re4 66.
Kg3 Re3 67. Kf2 Re4 68. Bd7 Rxd4 69. Nxd4 Kxg5 70. Ke3 Kf6 71. Nf3 d4+ 72. Kxd4
Ke7 73. Bc6 Kf6 74. Be4 Ke6 75. Ke3 Kf6 76. Kf4 Ke6 1/2-1/2

[Event "9. Open Internacional de Galapagar"]
[Site "Galapagar ESP"]
[Date "2008.07.21"]
[Round "3.11"]
[White "Baeza Escudero, Javier"]
[Black "Solaesa Navalpotro, Luis Julio"]
[Result "0-1"]
[WhiteElo "1971"]
[BlackElo "2216"]
[PlyCount "102"]
[EventDate "2008.07.19"]
[EventType "swiss"]
[EventRounds "9"]
[EventCountry "ESP"]
[Source "lmi"]
[SourceDate "2008.07.19"]

1. e4 c5 2. Nf3 Nf6 3. Nc3 d5 4. exd5 Nxd5 5. Nxd5 Qxd5 6. d4 cxd4 7. Qxd4 Qxd4
8. Nxd4 a6 9. g3 e5 10. Nb3 Nc6 11. c3 f5 12. Bg2 e4 13. O-O Ne5 14. Be3 Bd7
15. Bd4 Nc6 16. Bb6 Ne5 17. Bd4 Bd6 18. Bxe5 Bxe5 19. f3 exf3 20. Bxf3 O-O-O
21. Nc5 b6 22. Bb7+ Kc7 23. Nxd7 Rxd7 24. Bxa6 g6 25. Rad1 Rhd8 26. Be2 Rd2 27.
Rxd2 Rxd2 28. Bc4 Rxb2 29. Bb3 Bd6 30. Rc1 Bc5+ 31. Kh1 g5 32. Rc2 Rb1+ 33. Kg2
Rg1+ 34. Kf3 Kd6 35. Rd2+ Ke5 36. Rd5+ Kf6 37. Rd1 g4+ 38. Ke2 Rg2+ 39. Kd3
Rxh2 40. Rd2 Rxd2+ 41. Kxd2 Bd6 42. Ke1 Bxg3+ 43. Kf1 Be5 44. c4 Bd4 45. Kg2 h5
46. Ba4 Kg5 47. Bd7 f4 48. a4 f3+ 49. Kg3 h4+ 50. Kh2 g3+ 51. Kh3 g2 0-1

[Event "9. Open Internacional de Galapagar"]
[Site "Galapagar ESP"]
[Date "2008.07.21"]
[Round "3.12"]
[White "Lorite Cruz, Francisco"]
[Black "Osorio Ramos, Francisco"]
[Result "1/2-1/2"]
[WhiteElo "2108"]
[BlackElo "1940"]
[PlyCount "97"]
[EventDate "2008.07.19"]
[EventType "swiss"]
[EventRounds "9"]
[EventCountry "ESP"]
[Source "lmi"]
[SourceDate "2008.07.19"]

1. e4 c5 2. f4 Nc6 3. Nf3 e6 4. Bb5 a6 5. Bxc6 bxc6 6. O-O g6 7. d3 d6 8. Nc3
Bg7 9. Qe1 Bd7 10. Qg3 Qc7 11. Be3 Ne7 12. f5 e5 13. Nh4 f6 14. fxg6 O-O-O 15.
Nf5 Nxf5 16. exf5 Rdg8 17. Ne4 hxg6 18. Qxg6 Bh6 19. Qxh6 Rxh6 20. Bxh6 Qd8 21.
Nxd6+ Kc7 22. Ne4 Qe7 23. Rf2 Rh8 24. Be3 Qh7 25. h3 Bxf5 26. Rxf5 Qxf5 27. Rf1
Qh5 28. Rxf6 Rg8 29. Bxc5 Rg7 30. Rf2 Rf7 31. g4 Qg6 32. Bd6+ Kd7 33. Bxe5 Rxf2
34. Kxf2 Ke6 35. Bc3 Kf7 36. Kg3 c5 37. h4 c4 38. h5 Qb6 39. Kf4 cxd3 40. cxd3
Qc7+ 41. Kf5 Qd7+ 42. Kf4 Qxd3 43. g5 Qf1+ 44. Ke5 Qb5+ 45. Kd4 Qd7+ 46. Kc4
Qb5+ 47. Kd4 Qb7 48. Ke5 Qb5+ 49. Kf4 1/2-1/2